00524nam a22001571i 45000010005000000900009000051000041000142000041000552100029000962150027001252250031001527000033001839900011002169950069002279950070002961800 a1800 a20170304u u u0frey50 ba1 fGilberto FreyreaSobrados e mucambos cLivros do BrasilaLisboa a2 vol. (752 p.)d22 cm2 aLivros do Brasilv59, 59-A 1aFreyrebGilbertof1900 -1987 cLIVROS 001092199bBMVAdBMVAeDEPf0001975kFRE Io0rLIVROSucx. 85s 001092200bBMVAdBMVAeDEPf0001976kFRE IIo0rLIVROSucx. 85s